000 00667nam a22001937a 4500
999 _c102868
_d102868
005 20181212124415.0
010 _aENG-115845
020 _a9781107117860
_c995.00
035 _aEN-99377
037 _bDBAD/PUB
082 _a305.4209591
100 _aSengupta,Nilanjana
245 _aThe female voice of myanmar :
_bkhin myo chit to aung san suu Kyi /
_cSengupta Nilanjana
260 _aNew Delhi
_bCambridge University Press
_c2015
270 _a4843/24 2nd Floor Ansari Road,Daryaganj
_bNew Delhi
_e110002
300 _a383p. :
_c23cm(Hb)
_bill
500 _aIncludes bibliographical reference and index
942 _2ddc
_cEN
_h305.4209591
_mSEN